000 01086nam a2200349Ia 4500
003 OSt
005 20220912151115.0
006 a|||||r|||| 00| 0
007 ta
008 220909b |||||||| |||| 00| 0 eng d
020 _a9812388214 (hbd)
024 _a16677
037 _b257, 06/01/2005, Ashutosh Technical Books
037 _cTextbook
040 _aCSL
_beng
_cCSL
041 _aeng
082 _aK92, P4 TB
100 _aZhiyuan Gong Ed.
245 0 _aFish development and genetics: The zebrafish and medaka models
260 _aNew Jersey
_b World Scientific
_c2004
300 _aviii,675p
490 _aMolecular aspects of fish and marine biology; 2
500 _aIncludes bibliographical references; Index 665-675p
650 _a Fish development
650 _a Fish genetics
650 _a Medaka
650 _a Zebrafish
650 _aZoology
700 _a Korzh Vladimir Ed.
942 _hK92, P4 TB
_cTB
_2CC
999 _c61387
_d61387